College World Series Winners - Statistics

General Stats
  • This quiz has been taken 347 times
    191 since last reset
  • The average score is 57 of 78
Answer Stats
Year Team % Correct
2025 LSU
98%
2023 LSU
98%
2009 LSU
98%
2000 LSU
98%
1997 LSU
98%
1996 LSU
98%
1993 LSU
98%
1991 LSU
98%
2024 Tennessee
94%
2017 Florida
92%
2005 Texas
92%
2002 Texas
92%
1983 Texas
92%
1975 Texas
92%
1950 Texas
92%
1949 Texas
92%
2019 Vanderbilt
88%
2014 Vanderbilt
88%
2022 Ole Miss
87%
2013 UCLA
85%
1962 Michigan
82%
1953 Michigan
82%
2011 South Carolina
82%
2010 South Carolina
82%
1998 Southern California
82%
1978 Southern California
82%
1974 Southern California
82%
1973 Southern California
82%
1972 Southern California
82%
1971 Southern California
82%
1970 Southern California
82%
1968 Southern California
82%
1963 Southern California
82%
1961 Southern California
82%
1958 Southern California
82%
1948 Southern California
82%
1957 California
81%
1947 California
81%
2021 Mississippi State
80%
2018 Oregon State
79%
2007 Oregon State
79%
2006 Oregon State
79%
2012 Arizona
76%
1986 Arizona
76%
1980 Arizona
76%
1976 Arizona
76%
1994 Oklahoma
73%
1951 Oklahoma
73%
2016 Coastal Carolina
72%
1966 Ohio State
68%
1990 Georgia
67%
2015 Virginia
67%
1981 Arizona State
66%
1977 Arizona State
66%
1969 Arizona State
66%
1967 Arizona State
66%
1965 Arizona State
66%
1959 Oklahoma State
65%
2001 Miami (Fla.)
64%
1999 Miami (Fla.)
64%
1985 Miami (Fla.)
64%
1982 Miami (Fla.)
64%
1988 Stanford
64%
1987 Stanford
64%
1954 Missouri
50%
1964 Minnesota
48%
1960 Minnesota
48%
1956 Minnesota
48%
1955 Wake Forest
43%
2008 Fresno State
40%
2003 Rice
33%
1992 Pepperdine
28%
1989 Wichita State
28%
2004 Cal St. Fullerton
27%
1995 Cal St. Fullerton
27%
1984 Cal St. Fullerton
27%
1979 Cal St. Fullerton
27%
1952 Holy Cross
23%
No matching quizzes found
Score Distribution
Percent of People with Each Score
Percentile by Number Answered
Your Score History
You have not taken this quiz since the last reset